Представление документа в формате RUSMARC

Поле Инд. ПП Название Значение
Тип записи a
Библиографический уровень a
001 Контрольный номер 9fb8eab3761f43a9a5604e1e17737453
005 Дата корректировки 20181120134545.9
100 a Данные общей обработки 20180627 ||| 0rusy0189 ca
101 0_ a Язык текста rus
102 a Страна публикации RU
200 1_ f Первые сведения об ответственности Е.М. Павленко
a Заглавие Перспективы развития образования в области прав человека и формирования культуры прав человека в современной высшей школе
210 d Дата издания 2018
461 _0 1 2000
a Закон и право
463 _0 1 2000
a №3
v С. 34-38
1 2101
d 2018
1 001304b7f4c155a4213984f4be134bae1e7
606 a Основная рубрика Образование. Педагогическая наука
610 0_ a Ключевые слова ЮРИДИЧЕСКОЕ ОБРАЗОВАНИЕ
a Ключевые слова ПРАВА ЧЕЛОВЕКА
a Ключевые слова ПРАВОВАЯ КУЛЬТУРА
700 _1 a Фамилия Павленко
b Имя Е.М.
801 _0 a Страна RU
b Организация РГУП
c Дата составления 20180627
g Правила каталогизации PSBO
801 _1 a Страна RU
b Организация РГУП
c Дата составления 20180627
g Правила каталогизации PSBO
901 t Тип документа b
w Контрольный № источника 304b7f4c155a4213984f4be134bae1e7
905 a Дата ввода 20180627